Načítá se...

ഇബിലീസിന്റെ നാട്ടില്‍ /

Podrobná bibliografie
Hlavní autor: ചെല്ലപ്പന്‍നായര്‍, എന്‍. പി
Další autoři: Chellappan Nair, N. P.
Médium: Printed Book
Jazyk:English
Vydáno: കോട്ടയം : സാഹിത്യപ്രവര്‍ത്തക സഹകരണസംഘം, 2010.
Témata:
LEADER 00837nam a22001817a 4500
008 151228b xxu||||| |||| 00| 0 eng d
020 |a 9780000105325 
082 |a 894.12 CHE 
100 |a ചെല്ലപ്പന്‍നായര്‍, എന്‍. പി. 
245 |a ഇബിലീസിന്റെ നാട്ടില്‍ /  |c എന്‍. പി. ചെല്ലപ്പന്‍നായര്‍ 
260 |a കോട്ടയം :  |b സാഹിത്യപ്രവര്‍ത്തക സഹകരണസംഘം,  |c 2010. 
300 |a 111p. 
650 |a Drama 
650 |a Play 
700 |a Chellappan Nair, N. P. 
942 |2 ddc  |c BK 
999 |c 13428  |d 13428 
952 |0 0  |1 0  |2 ddc  |4 0  |6 894_120000000000000_CHE  |7 0  |9 19150  |a MAIN  |b MAIN  |d 2015-12-28  |e National Book Stall  |g 80.00  |o 894.12 CHE  |p 19286  |r 2015-12-28  |t 1  |w 2015-12-28  |y BK